[Event "Wch Seniors 65 29th"]
[Site "Bucharest"]
[Date "2019.11.18"]
[Round "6"]
[White "Munar Mut, Antoni"]
[Black "Simion, Nicolae"]
[Result "0-1"]
[WhiteElo "1799"]
[BlackElo "1527"]
[PlyCount "130"]
[EventDate "2019.11.12"]
[EventType "swiss"]
[EventRounds "11"]
[EventCountry "ROU"]
[SourceTitle "CBM 193 Extra"]
[Source "ChessBase"]
[SourceDate "2020.01.31"]
[SourceVersion "1"]
[SourceVersionDate "2020.01.31"]
[SourceQuality "1"]

1. e4 e5 2. Nf3 d6 3. Be2 Nc6 4. 0-0 Nd4 5. Nxd4 exd4 6. d3 Ne7 7. c3 dxc3 8. bxc3 a6 9. Bg5 f6 10. Be3 Be6 11. d4 Ng6 12. Nd2 Be7 13. f4 Nf8 14. f5 Bf7 15. Bf3 Nd7 16. a4 0-0 17. a5 c6 18. c4 c5 19. d5 Rb8 20. Qc2 b5 21. axb6 Rxb6 22. Be2 Qc7 23. Rfb1 Rfb8 24. Rxb6 Rxb6 25. Nb3 Ne5 26. h4 Qb8 27. Nd2 Be8 28. Qa2 Bd8 29. Rb1 Rxb1+ 30. Nxb1 Qb4 31. Bd2 Qa4 32. Qxa4 Bxa4 33. Na3 Kf8 34. Bc3 Bb3 35. Kf2 Ke7 36. g4 Kd7 37. Bd2 Kc8 38. Kg3 Nf7 39. Bc3 Kb7 40. Kf4 a5 41. Ke3 Ka6 42. Kd2 Ba4 43. Ke3 Bd7 44. Nb5 a4 45. Na3 Ba5 46. Kd3 Bb4 47. Bb2 Be1 48. h5 Ka5 49. Bc3+ Bxc3 50. Kxc3 Ng5 51. Bd3 Nf3 52. Be2 Nd4 53. Bd1 Be8 54. Nc2 Nxc2 55. Bxc2 a3 56. Bb3 Bd7 57. Bc2 a2 58. Kb2 Kb4 59. Kxa2 Kxc4 60. Kb2 Kd4 61. Kc1 Ke3 62. Kb2 Kf4 63. Kc3 Kxg4 64. Bd1+ Kf4 65. Bc2 Be8 0-1

[Event "Wch Seniors 65 29th"]
[Site "Bucharest"]
[Date "2019.11.14"]
[Round "3"]
[White "Simion, Nicolae"]
[Black "Yuksel, Mustafa"]
[Result "1/2-1/2"]
[WhiteElo "1527"]
[BlackElo "2047"]
[PlyCount "59"]
[EventDate "2019.11.12"]
[EventType "swiss"]
[EventRounds "11"]
[EventCountry "ROU"]
[SourceTitle "CBM 193 Extra"]
[Source "ChessBase"]
[SourceDate "2020.01.31"]
[SourceVersion "1"]
[SourceVersionDate "2020.01.31"]
[SourceQuality "1"]

1. b4 d5 2. Bb2 Qd6 3. a3 e5 4. Nf3 f6 5. h3 g6 6. e3 Be6 7. Bb5+ c6 8. Ba4 Ne7 9. d3 Nd7 10. Nbd2 Bg7 11. Bb3 0-0 12. c4 b5 13. Qe2 a6 14. c5 Qc7 15. Ne4 Nc8 16. Ng3 Bf7 17. e4 d4 18. Qc2 a5 19. 0-0 a4 20. Bxf7+ Rxf7 21. Bc1 Nf8 22. Bd2 Ne6 23. Qc1 Ne7 24. Nh2 Nf4 25. Bxf4 exf4 26. Ne2 g5 27. Nf3 Qd7 28. Qb2 Rd8 29. Qa2 h6 30. Nexd4 1/2-1/2

[Event "ROM-ch op"]
[Site "Sarata Monteoru"]
[Date "2011.02.17"]
[Round "7"]
[White "Simion, Nicolae"]
[Black "Tiron, Calin Andrei"]
[Result "0-1"]
[WhiteElo "1899"]
[BlackElo "1736"]
[PlyCount "58"]
[EventDate "2011.02.12"]
[EventType "swiss"]
[EventRounds "11"]
[EventCountry "ROU"]
[SourceTitle "EXT 2013"]
[Source "ChessBase"]
[SourceDate "2012.11.22"]
[SourceVersion "1"]
[SourceVersionDate "2012.11.22"]
[SourceQuality "1"]

1. b4 e5 2. Bb2 f6 3. e4 Bxb4 4. Bc4 Ne7 5. c3 Ba5 6. d4 b5 7. Bb3 d6 8. Ne2 c5 9. 0-0 c4 10. Bc2 0-0 11. a4 b4 12. cxb4 Bxb4 13. Nbc3 Nbc6 14. Na2 a5 15. Nac3 Ba6 16. f4 exd4 17. Nb5 d3 18. Bxd3 cxd3 19. Qxd3 Bc5+ 20. Kh1 Nb4 21. Qb3+ Kh8 22. Rf3 Bxb5 23. axb5 a4 24. Rxa4 Rxa4 25. Qxa4 Qa8 26. Qd1 Qxe4 27. Ng3 Qc2 28. Qc1 Ned5 29. Qa1 Ne3 0-1

[Event "ROM-ch op"]
[Site "Sarata Monteoru"]
[Date "2011.02.16"]
[Round "6"]
[White "Siclovan, Cristian Daniel"]
[Black "Simion, Nicolae"]
[Result "1-0"]
[WhiteElo "2086"]
[BlackElo "1899"]
[PlyCount "59"]
[EventDate "2011.02.12"]
[EventType "swiss"]
[EventRounds "11"]
[EventCountry "ROU"]
[SourceTitle "CBM 140 Extra"]
[Source "ChessBase"]
[SourceDate "2011.03.01"]
[SourceVersion "1"]
[SourceVersionDate "2011.03.01"]
[SourceQuality "1"]

1. e4 c6 2. d4 d5 3. Nc3 a6 4. Bf4 e6 5. Nf3 Bb4 6. Bd3 dxe4 7. Bxe4 Nf6 8. Bd3 Nd5 9. Bd2 Nd7 10. Nxd5 Bxd2+ 11. Qxd2 cxd5 12. 0-0-0 h6 13. h4 b5 14. g4 Nb6 15. g5 h5 16. Ne5 Nc4 17. Bxc4 bxc4 18. g6 fxg6 19. Rdg1 Rh6 20. Rg5 Qb6 21. Qf4 Ra7 22. Rh3 Rb7 23. b3 Qb4 24. Rf3 cxb3 25. axb3 Rc7 26. Nf7 Qe1+ 27. Kb2 Qe2 28. Qxc7 Qxf3 29. Nd6+ Kf8 30. Qd8# 1-0